Téka. Az élet vendége - itthon

Elmentve itt :
Bibliográfiai részletek
Szerző: KOVÁCS Ferenc
Adatforrás:Meister
Forrásdokumentuma:Korunk. -
3 sz., 1991, 404-406 p.
Nyelv:magyar
Kulcsszavak:irodalomtörténet
HUNYADI Sándor
LEADER 00361nab a2200133 i 4500
001 bibPRO00008864
008 060524s1991 xx hun
040 |a Sz1 
041 |a hun 
100 1 |a KOVÁCS Ferenc 
245 1 0 |a Téka. Az élet vendége - itthon  |c KOVÁCS Ferenc 
695 |a irodalomtörténet 
695 |a HUNYADI Sándor 
773 0 |t Korunk. -  |g 3 sz., 1991, 404-406 p.